MARC

LEADER 00000nam0a2200000 4500
001 366455
005 20231102011901.0
035 |a (RuTPU)RU\TPU\retro\23818 
090 |a 366455 
100 |a 20220209d1979 km y0rusy50 ca 
101 0 |a rus 
102 |a RU 
105 |a y z 001zy 
200 1 |a К проблеме языкового варьитования. Испанский язык Испании и Америки  |f Г. В. Степанов  |g Академия наук СССР, Институт языкознания 
210 |a Москва  |c Наука  |d 1979 
215 |a 328 с. 
320 |a Библиогр.: с. 295-320 
606 1 |a Испанский язык  |2 stltpush  |3 (RuTPU)RU\TPU\subj\13209  |9 39858 
610 1 |a варьирование 
610 1 |a Испания 
610 1 |a Америка 
610 1 |a вариативность 
610 1 |a национальные варианты 
610 1 |a социальная стратификация 
686 |a Ш147.21  |v LBC/SL-A  |2 rubbk 
700 1 |a Степанов  |b Г. В.  |g Георгий Владимирович 
712 0 2 |a Академия наук СССР  |b Институт языкознания  |c (Москва)  |2 stltpush  |3 (RuTPU)RU\TPU\col\11714  |9 25241 
801 1 |a RU  |b 63413507  |c 20220209 
942 |c BK